000 00590cab a2200229 4500
001 X1022
008 090401t1993 xxu||||| |||| 00| 0 eng d
035 _a(Sirsi) u14225
041 _aeng
245 _aGP division votes yes
260 _c1993
350 _a0
490 _aEstates Gazette
_v(9338) 25 September 1993, 46(1)
650 _aCONSTITUTIONAL REFORM
650 _aCUBBON REPORT
650 _aDIVISIONAL STRUCTURE
650 _aGENERAL PRACTICE
650 _aRICS
690 _aMANAGEMENT-BUSINESS MANAGEMENT-PROFESSIONAL PRACTICE
942 _n0
948 _c04/03/1997
999 _c9243
_d9243